000 00211 a2200109 4500
020 _a9780439876377
041 _aeng
100 _aJustin McCory Martin
245 _aIncredible Owls
942 _cBK
952 _71
999 _c18850
_d18850